1.FC Köln Squad 2021-2022 - Statistics

General Stats
  • This quiz has been taken 53 times
  • The average score is 21 of 30
Answer Stats
# Position Nation Player % Correct
23 DF Germany Jannes Horn
98%
1 GK Germany Timo Horn
98%
14 DF Germany Jonas Hector
95%
6 MF Turkey Salih Özcan
95%
4 DF Germany Timo Hübers
95%
27 FW France Anthony Modeste
90%
11 FW Austria Florian Kainz
90%
28 MF Tunisia Ellyes Skhiri
88%
20 GK Germany Marvin Schwäbe
88%
18 MF Slovakia Ondrej Duda
88%
2 DF Germany Benno Schmitz
83%
9 FW Sweden Sebastian Andersson
83%
7 MF Austria Dejan Ljubičić
80%
- Coach Germany Steffen Baumgart
78%
15 DF Germany Luca Kilian
78%
29 FW Germany Jan Thielmann
75%
13 FW Germany Mark Uth
73%
19 DF Nigeria Kingsley Ehizibue
70%
24 DF Germany Julian Chabot
65%
22 DF Spain Jorge Meré
63%
17 FW Germany Kingsley Schindler
58%
5 DF Germany Rafael Czichos
58%
25 FW Germany Tim Lemperle
58%
21 MF Austria Louis Schaub
55%
44 GK Germany Matthias Köbbing
50%
31 MF Czech Republic Tomáš Ostrák
45%
3 DF Germany Noah Katterbach
40%
5 DF Germany Bright Arrey-Mbi
38%
30 FW Germany Marvin Obuz
33%
36 MF Germany Niklas Hauptmann
33%
No matching quizzes found
Score Distribution
Percent of People with Each Score
Percentile by Number Answered
Your Score History
You have not taken this quiz